000
00307nam a22001337a 4500
082
_a
894.812.1
_b
VEA/C
100
_a
VENNIYOOR, RASHEED
245
_a
CHITHALARIKKATHA CHINTHAKAL
260
_a
VENNIYUR
_b
MANDHARAM
_c
2022
300
_a
98
520
_a
MALAYALAM POEM
650
_a
MALAYALAM POEM
942
_c
BK
999
_c
5758
_d
5758